000 00649nam a22001937a 4500
999 _c63982
_d63982
003 Ge_BSU
005 20260302180818.0
008 260302s2022 enk||||| |||| 00| 0 eng d
020 _a9781568366197x
041 _aeng
080 _a811.521 J-24
245 _aJapanese for Busy People Book 1
_b Association for Japanese-Language Teaching (AJALT).
250 _aRevised 4th Edition
264 _aNew York :
_b Kodansha USA,
_c2022.
300 _a270 p.:
_bill.;
_c28 cm.
440 _aBrend new Edition of the best-selling Textbook
_927039
653 _aიაპონური ენის სწავლება
942 _2udc
_cᲬᲘᲒᲜᲘ